Etiqueta de registo: 00000nam 2200025 450
001 2049607
003 http://id.bnportugal.gov.pt/bib/catbnp/2049607
021 ## $aPT$b424802/17
100 ## $a20200706d2017 c y0pory01030103ba
101 1# $apor
102 ## $aPT
105 ## $aa z 000yy
106 ## $ar
200 1# $a Os opostos$eolha sempre duas vezes$fSusan Hood$gil. Jay Fleck
205 ## $a1ª ed
210 #9 $aLisboa$cEdicare,$d2017
215 ## $a1 v.$cil.$d27 cm
675 ## $a087.5$vBN$zpor$3287999
700 #1 $aHood,$bSusan$31785414
701 #1 $aFleck,$bJay$4070$31785415
801 #0 $aPT$bBN$gRPC
856 41 $uhttp://rnod.bnportugal.gov.pt/ImagesBN/winlibimg.aspx?skey=&doc=2049607&img=140772&save=true
900 ## $aBIBNAC$d20200805
966 ## $lBN$mFGMON$sP. 56033 V.$x1
966 ## $lBN$mFGMON$sP. 56033 V.-D$x1